|
|
|
|
| LEADER |
00000nas a2200000 a 4500 |
| 001 |
ssj0025038 |
| 003 |
WaSeSS |
| 005 |
20200512172242.0 |
| 006 |
m d |
| 007 |
cr n |
| 008 |
010118c20009999bl qr p s 0 a0eng c |
| 010 |
|
|
|a 2001243336
|
| 015 |
|
|
|a 02124765X
|2 dnb
|
| 016 |
7 |
|
|a 02124765X
|2 DE-101
|
| 016 |
7 |
|
|a 2036257-2
|2 DE-600
|
| 016 |
7 |
|
|a 101129542
|2 DNLM
|
| 016 |
7 |
|
|a 011107904
|2 Uk
|
| 022 |
|
|
|a 1678-4375
|l 1519-6984
|y 1519-6984
|
| 035 |
|
|
|a (WaSeSS)ssj0025038
|
| 037 |
|
|
|b Instituto Internacional de Ecologia--IIE, Rua Bento Carlos, 750--Centro, 13560-660--São Carlos, SP, Brazil
|c 2000 US$120.00 per year (4 issues)
|
| 040 |
|
|
|a SMI
|b eng
|c SMI
|d NLM
|d OCLCQ
|d DLC
|d CUS
|d NLGGC
|d OCLCQ
|d HEBIS
|d GBVCP
|d UKMGB
|d OCLCQ
|d OCLCF
|d OCLCO
|d EUW
|d OCLCO
|d CUS
|d OCLCQ
|d OCLCO
|d RDF
|d OCLCO
|d OCLCQ
|d OCLCA
|d WaSeSS
|
| 041 |
0 |
|
|a eng
|b por
|
| 042 |
|
|
|a pcc
|
| 043 |
|
|
|a s-bl---
|
| 050 |
0 |
0 |
|a QH301
|b .R43
|
| 060 |
0 |
0 |
|a W1
|b RE307
|
| 210 |
1 |
0 |
|a Braz J Biol
|2 dnlm
|
| 245 |
0 |
0 |
|a Brazilian journal of biology
|h [electronic resource] =
|b Revista brasileira de biologia.
|
| 246 |
3 |
1 |
|a Revista brasileira de biologia
|
| 260 |
|
|
|a São Carlos, SP [Brazil] :
|b International Institute of Ecology,
|c [2000]-
|
| 310 |
|
|
|a Quarterly
|
| 362 |
0 |
|
|a Vol. 60, no. 4 (Nov. 2000)-
|
| 506 |
|
|
|a License restrictions may limit access.
|
| 546 |
|
|
|a Articles in English; abstracts in English and Portuguese.
|
| 588 |
|
|
|a Latest issue consulted: Vol. 63, no. 2 (May 2003).
|
| 650 |
|
0 |
|a Biology
|v Periodicals.
|
| 650 |
|
0 |
|a Natural history
|v Periodicals.
|
| 650 |
|
0 |
|a Biology
|z Brazil
|v Periodicals.
|
| 650 |
1 |
2 |
|a Biology.
|
| 650 |
2 |
2 |
|a Tropical Climate.
|
| 650 |
|
7 |
|a Biology.
|2 fast
|0 (OCoLC)fst00832383
|
| 650 |
|
7 |
|a Natural history.
|2 fast
|0 (OCoLC)fst01034268
|
| 650 |
1 |
7 |
|a Biologie.
|2 gtt
|
| 651 |
|
7 |
|a Brazil.
|2 fast
|0 (OCoLC)fst01206830
|
| 655 |
|
0 |
|a Electronic journals.
|
| 710 |
2 |
|
|a Instituto Internacional de Ecologia (Brazil)
|
| 780 |
0 |
0 |
|t Revista brasileira de biologia
|x 0034-7108
|w (DLC)s 41000057
|w (OCoLC)1645004
|
| 850 |
|
|
|a DLC
|
| 856 |
4 |
0 |
|z Full text available from Research Library: 02/01/2011 to present
|u https://search.proquest.com/publication/486387
|